On This Day: June 23rd II Quiz Stats

 Plays Quiz Updated Jun 23, 2018

Score 0/7 Timer 03:00
0 Plays Today
Question Answer Wrong Answers
This American superhero film directed by Tim Burton, which stars Jack Nicholson and Michael Keaton, is released.
1989
Batman
87.2%
Superman
3%
Beetlejuice
8%
Catwoman
0.6%
A Water Lilies painting by this French Impressionist painter sells at auction for $54 million.
2014
Claude Monet
84.6%
Vincent van Gogh
9.4%
Edgar Degas
2.4%
Paul Gauguin
2%
This US President meets with Soviet Premier Alexei Kosygin in Glassboro, New Jersey, for the three-day Glassboro Summit Conference.
1967
Lyndon B. Johnson
74%
John F. Kennedy
7.1%
Richard Nixon
14.1%
Gerald Ford
3.8%
This American actress, a winner of the Triple Crown of Acting who is known for appearing in many Coen brothers films, is born.
1957
Frances McDormand
70.9%
Tilda Swinton
7.7%
Diane Lane
7.3%
Helen Hunt
13.4%
German–American businessman John Jacob Astor forms the Pacific ______ Company.
1810
Fur
60.2%
Timber
19.4%
Fruit
5.1%
Coast
15.2%
This man receives one vote from the Kentucky Delegation at the Republican Convention in Chicago, making him the first African American nominated to be a US presidential candidate.
1888
Frederick Douglass
51.3%
Booker T. Washington
24%
W. E. B. Du Bois
21.3%
Olaudah Equiano
3.2%
______ steals second base in a game against the LA Dodgers, becoming the first player in MLB history to have 500 career home runs, and 500 stolen bases.
2003
Barry Bonds
43.8%
Alex Rodriguez
21.4%
Ken Griffey Jr.
27.8%
Albert Pujols
5.6%

You're not logged in!

Compare scores with friends on all Sporcle quizzes.
OR
Log In

Sporcle TV

Today on Sporcle TV


Watch our educational content, quiz creation guides, and fun videos on Sporcle TV.

Show Comments

Extras

Top Quizzes Today


Score Distribution

Your Account Isn't Verified!

In order to create a playlist on Sporcle, you need to verify the email address you used during registration. Go to your Sporcle Settings to finish the process.

Report this User

Report this user for behavior that violates our Community Guidelines.

Details: